| 000 | 00468nam a2200133Ia 4500 | ||
|---|---|---|---|
| 008 | 170221s9999 xx 000 0 und d | ||
| 245 | _aPromoting and Maintaining Bilingualism and Biliteracy: Cognitive and Biliteracy Benefits & Strategies for Monolingual Teachers | ||
| 260 | _bThe Open Communication Journal | ||
| 260 | _c2012 | ||
| 300 | _aX : 2 | ||
| 650 | _xCommunication | ||
| 650 | _xMedia Arts | ||
| 856 | _uhttps://benthamopen.com/TOCOMMJ/VOLUME/9/ISSUE/001/ | ||
| 999 |
_c308987 _d308987 |
||